000 00302nam a22001337a 4500
008 180903b xxu||||| |||| 00| 0 eng d
020 _a9780805359107
041 _aeng
080 _27 ED
_a611
100 _a7
101 _aANA
245 _aHuman Anatomy Physiology
_cMarieb.E.N
942 _2udc
_cBK
999 _c47464
_d47464